[Event "Pan American-ch School U17 12th"]
[Site "Callao"]
[Date "2023.10.21"]
[Round "9"]
[White "Tadeo Arontico, Jesus Raul"]
[Black "Rodriguez Nina, Fabian"]
[Result "1-0"]
[WhiteElo "1447"]
[BlackElo "1537"]
[PlyCount "114"]
[EventDate "2023.10.16"]
[EventType "swiss"]
[EventRounds "9"]
[EventCountry "PER"]
[SourceTitle "Mega2024 Update 01"]
[Source "Chessbase"]
[SourceDate "2023.11.12"]
[SourceVersion "1"]
[SourceVersionDate "2023.11.12"]
[SourceQuality "1"]

1. e4 e5 2. Nf3 Nc6 3. Bb5 Bc5 4. Nxe5 Nxe5 5. d4 Qh4 6. 0-0 a6 7. Be2 Bd6 8. dxe5 Bxe5 9. f4 Bd6 10. Be3 Qe7 11. Bd4 Bc5 12. Nc3 d6 13. Nd5 Qd8 14. b4 Bxd4+ 15. Qxd4 Nf6 16. Rae1 Nxd5 17. exd5 0-0 18. f5 Qf6 19. Qxf6 gxf6 20. Bh5 Bd7 21. Re7 Bb5 22. Rf4 Rfe8 23. Bxf7+ Kf8 24. Rxc7 Rac8 25. Bxe8 Rxc7 26. Bxb5 axb5 27. Re4 Rxc2 28. Re6 Rxa2 29. Rxd6 Rd2 30. Rxf6+ Ke7 31. Re6+ Kd7 32. Rb6 Rxd5 33. Rxb7+ Kc6 34. Rxh7 Rxf5 35. Rh4 Kd5 36. g3 Rg5 37. Kf2 Rf5+ 38. Rf4 Rh5 39. h4 Rh8 40. Kf3 Rc8 41. h5 Ke5 42. Kg4 Rg8+ 43. Kh4 Rh8 44. Rg4 Kd5 45. Kg5 Rg8+ 46. Kf4 Rf8+ 47. Ke3 Re8+ 48. Kd3 Re5 49. Rd4+ Kc6 50. Rh4 Rg5 51. g4 Rd5+ 52. Ke4 Rd1 53. g5 Rb1 54. Kf5 Rf1+ 55. Kg6 Kd7 56. h6 Ke7 57. h7 Rf8 1-0